[Event "Dioscuri op 2nd"]
[Site "Agrigento"]
[Date "2009.11.15"]
[Round "5"]
[White "Reina, Giuseppe"]
[Black "Grech, Gerlando"]
[Result "1/2-1/2"]
[WhiteElo "1812"]
[BlackElo "1972"]
[PlyCount "118"]
[EventDate "2009.11.13"]
[EventType "swiss"]
[EventRounds "5"]
[EventCountry "ITA"]
[SourceTitle "EXT 2012"]
[Source "ChessBase"]
[SourceDate "2011.11.24"]
[SourceVersion "1"]
[SourceVersionDate "2011.11.24"]
[SourceQuality "1"]

1. d4 Nf6 2. c4 g6 3. Nc3 Bg7 4. e4 d6 5. Be2 0-0 6. Nf3 e5 7. d5 Nbd7 8. Bg5 h6 9. Bh4 g5 10. Bg3 Nc5 11. Nd2 a5 12. 0-0 Nh7 13. Bg4 Nxe4 14. Ndxe4 f5 15. Bh5 fxe4 16. Nxe4 Nf6 17. Bg6 Nxe4 18. Bxe4 Qf6 19. b3 Bf5 20. Qc2 Bxe4 21. Qxe4 h5 22. f3 h4 23. Be1 a4 24. b4 Qf4 25. Bc3 g4 26. Rae1 g3 27. Qxf4 Rxf4 28. Re4 Rxe4 29. fxe4 Bh6 30. hxg3 hxg3 31. Rf3 Bf4 32. Be1 Kg7 33. Bxg3 Bd2 34. b5 Bb4 35. Bh4 c6 36. bxc6 bxc6 37. Bf6+ Kg6 38. Be7 cxd5 39. cxd5 Rc8 40. Kh2 Rc4 41. Rf6+ Kg7 42. Re6 Rxe4 43. Bxd6 Bxd6 44. Rxd6 Re2 45. Re6 Rxa2 46. Rxe5 Kf6 47. Re6+ Kf7 48. Ra6 a3 49. Kh3 Ra1 50. Kg4 a2 51. g3 Ke7 52. d6+ Kd7 53. Kg5 Kd8 54. Ra7 Kc8 55. d7+ Kd8 56. g4 Ke7 57. Kg6 Rg1 58. Rxa2 Rxg4+ 59. Kf5 Rd4 1/2-1/2